[Event "IX American Continental Classical Championship 201"]
[Site "Hotel Pipa AtlÃ¢ntico - Praia da Pipa - Rio Grande"]
[Date "2014.10.22"]
[Round "7"]
[Board "55"]
[White "Okamura, Milton Kasuo"]
[Black "Freitas, Remulo Aguiar"]
[Result "1-0"]
[WhiteElo "2085"]
[BlackElo "1944"]
[PlyCount "68"]
[EventDate "2014.10.18"]
[EventRounds "11"]
[EventCountry "BRA"]

1. d4 Nf6 2. c4 e6 3. Nc3 d5 4. Nf3 Be7 5. Bg5 Nbd7 6. e3 a6 7. Bd3 dxc4 8.
Bxc4 b5 9. Bd3 Bb7 10. O-O O-O 11. Qe2 c5 12. Rfd1 c4 13. Bc2 Nd5 14. Bxe7 Nxc3
15. bxc3 Qxe7 16. a4 Nb6 17. axb5 axb5 18. e4 Ra3 19. Rdb1 Rxa1 20. Rxa1 Ra8
21. Qe1 g6 22. Ne5 f6 23. Ng4 Kg7 24. Rxa8 Bxa8 25. Qa1 h5 26. Ne3 Bc6 27. Qa5
Qb7 28. f3 f5 29. d5 exd5 30. exf5 gxf5 31. Nxf5+ Kf6 32. Qb4 Qf7 33. Qd6+ Qe6
34. Qf8+ Ke5 1-0

[Event "IX American Continental Classical Championship 201"]
[Site "Hotel Pipa AtlÃ¢ntico - Praia da Pipa - Rio Grande"]
[Date "2014.10.22"]
[Round "7"]
[Board "56"]
[White "Vasconcelos, Paulo Cesar Da S."]
[Black "Santos Filho, Tadeu Sousa"]
[Result "0-1"]
[WhiteElo "1844"]
[BlackElo "2074"]
[PlyCount "80"]
[EventDate "2014.10.18"]
[EventRounds "11"]
[EventCountry "BRA"]

1. d4 Nf6 2. g3 g6 3. Bg2 Bg7 4. c4 d6 5. Nc3 O-O 6. e3 Nbd7 7. Nf3 e5 8. O-O
c6 9. b4 e4 10. Nd2 d5 11. b5 Re8 12. Qb3 c5 13. Ne2 cxd4 14. Nxd4 Nc5 15. Qc2
Bf5 16. N2b3 Rc8 17. cxd5 Nd3 18. Qd2 Nxd5 19. Bb2 Nb6 20. Bc3 Nd5 21. Bb2 Qg5
22. Rab1 Qh5 23. Ba1 Bh3 24. Qd1 Qh6 25. Nc1 Ne5 26. Nf5 gxf5 27. Qxd5 Rcd8 28.
Qxb7 Ng4 29. Bxg7 Kxg7 30. Qc6 Qh5 31. Qc3+ Kg8 32. f3 exf3 33. Bxh3 Qxh3 34.
Rb2 f2+ 35. Rbxf2 Nxf2 36. Kxf2 Qxh2+ 37. Kf3 Rd2 38. Kf4 Qh6+ 39. Kxf5 Qg6+
40. Kf4 Re4+ 0-1

[Event "IX American Continental Classical Championship 201"]
[Site "Hotel Pipa AtlÃ¢ntico - Praia da Pipa - Rio Grande"]
[Date "2014.10.22"]
[Round "7"]
[Board "57"]
[White "Bastos, Werton Alvarenga"]
[Black "Da Silva, Izael Brasilino Arau"]
[Result "0-1"]
[WhiteElo "2071"]
[BlackElo "1857"]
[PlyCount "124"]
[EventDate "2014.10.18"]
[EventRounds "11"]
[EventCountry "BRA"]

1. c4 c5 2. g3 Nc6 3. Bg2 g6 4. Nc3 Bg7 5. Nf3 Nf6 6. O-O d6 7. d4 cxd4 8. Nxd4
Bd7 9. e3 O-O 10. b3 Rb8 11. Bb2 a6 12. Qe2 Qb6 13. Rad1 Bg4 14. Nf3 Qc5 15. h3
Be6 16. Na4 Qa7 17. Nd4 Bd7 18. Nc3 Qc5 19. a3 Ne5 20. f4 Nc6 21. g4 e5 22. Na4
Qa7 23. Nxc6 Bxc6 24. Rxd6 Ne4 25. Bxe4 Bxe4 26. c5 Bc6 27. Nb6 Bb5 28. Nc4
Qxc5 29. fxe5 Bxc4 30. bxc4 Rbc8 31. Rc1 Rfe8 32. Rd5 Qc7 33. Qh2 Re6 34. Qf4
Rce8 35. Rcd1 R6e7 36. R1d2 Rc8 37. Kg2 h6 38. Rc2 Qc6 39. Kf2 Qxd5 40. cxd5
Rxc2+ 41. Kf3 Rxb2 42. d6 Rxe5 43. e4 Rb3+ 44. Ke2 g5 45. d7 gxf4 46. d8=Q+ Kh7
47. Qd7 Rxe4+ 48. Kf1 Kg8 49. g5 Rf3+ 50. Kg2 Rg3+ 51. Kf1 Bd4 52. Qc8+ Kg7 53.
gxh6+ Kxh6 54. Qf8+ Rg7 55. Qh8+ Kg5 56. Qd8+ Bf6 57. Qd5+ Re5 58. Qf3 Kg6 59.
Qxb7 Kh7 60. Qb1+ Rg6 61. Qb8 Re4 62. Kf2 Rg3 0-1

[Event "IX American Continental Classical Championship 201"]
[Site "Hotel Pipa AtlÃ¢ntico - Praia da Pipa - Rio Grande"]
[Date "2014.10.22"]
[Round "7"]
[Board "58"]
[White "Fiaes, Mario Henrique Andrade"]
[Black "Ribeiro, Jose Joselito"]
[Result "1-0"]
[WhiteElo "2070"]
[BlackElo "1733"]
[PlyCount "93"]
[EventDate "2014.10.18"]
[EventRounds "11"]
[EventCountry "BRA"]

1. d4 Nf6 2. c4 g6 3. Nc3 d5 4. Bf4 Bg7 5. e3 O-O 6. Nf3 c5 7. Be2 Nc6 8. h3
cxd4 9. exd4 dxc4 10. Bxc4 Nh5 11. Be3 Na5 12. Bd3 b6 13. O-O Bb7 14. Ne5 Rc8
15. Qe2 Nc6 16. Be4 Na5 17. Bxb7 Nxb7 18. Qa6 Nd6 19. Rfd1 e6 20. Qxa7 Nc4 21.
Nxc4 Rxc4 22. Qa6 Qc7 23. Nb5 Qc6 24. b3 Rc2 25. Na3 Ra8 26. Qxa8+ Qxa8 27.
Nxc2 Nf6 28. a4 Nd5 29. b4 Nc3 30. Rd3 Qc6 31. Ne1 Qc4 32. a5 bxa5 33. bxa5
Ne2+ 34. Kf1 Bxd4 35. Bxd4 Nxd4 36. a6 Nc6 37. a7 Nxa7 38. Rxa7 e5 39. Kg1 Qc1
40. Re3 Qc5 41. Rea3 Kg7 42. g3 h5 43. h4 e4 44. Ng2 g5 45. hxg5 Qxg5 46. Nf4
h4 47. Ne6+ 1-0

[Event "IX American Continental Classical Championship 201"]
[Site "Hotel Pipa AtlÃ¢ntico - Praia da Pipa - Rio Grande"]
[Date "2014.10.22"]
[Round "7"]
[Board "59"]
[White "Meneghetti, Alexandre"]
[Black "Hernandez Amura, Gilberto"]
[Result "1/2-1/2"]
[WhiteElo "1708"]
[BlackElo "2061"]
[PlyCount "80"]
[EventDate "2014.10.18"]
[EventRounds "11"]
[EventCountry "BRA"]

1. e4 c5 2. Nf3 e6 3. c3 d5 4. Bb5+ Bd7 5. Bxd7+ Qxd7 6. exd5 Qxd5 7. d4 Nf6 8.
O-O Nc6 9. Qa4 Be7 10. Bg5 cxd4 11. Nxd4 O-O 12. Nxc6 bxc6 13. Bxf6 Bxf6 14.
Rd1 Qb5 15. Qxb5 cxb5 16. Nd2 Rfd8 17. Kf1 Kf8 18. Ke2 Ke7 19. Ne4 Be5 20. h3
f5 21. Nc5 Rdc8 22. Nd3 Bf6 23. a4 a6 24. axb5 axb5 25. Nb4 g5 26. Nc2 Be5 27.
Rxa8 Rxa8 28. Ra1 Rxa1 29. Nxa1 h5 30. f3 Kd6 31. g4 fxg4 32. fxg4 hxg4 33.
hxg4 Kd5 34. Kd3 Bd6 35. Nc2 Ke5 36. Ke3 Kd5 37. b3 Bc5+ 38. Kf3 Be7 39. Ne3+
Ke5 40. Nc2 Kd5 1/2-1/2

[Event "IX American Continental Classical Championship 201"]
[Site "Hotel Pipa AtlÃ¢ntico - Praia da Pipa - Rio Grande"]
[Date "2014.10.22"]
[Round "7"]
[Board "61"]
[White "Moyses Sobrinho, Elias"]
[Black "Bortoloso, Moacir Canella"]
[Result "1-0"]
[WhiteElo "1915"]
[BlackElo "2190"]
[PlyCount "75"]
[EventDate "2014.10.18"]
[EventRounds "11"]
[EventCountry "BRA"]

1. e4 c5 2. Nf3 d6 3. d4 cxd4 4. Nxd4 Nf6 5. Nc3 a6 6. Be2 e5 7. Nb3 Be7 8. Be3
Be6 9. O-O O-O 10. f4 exf4 11. Bxf4 Nc6 12. Nd4 Nxd4 13. Qxd4 Ne8 14. Nd5 Bxd5
15. exd5 Bf6 16. Qa4 a5 17. Qb5 Nc7 18. Qxb7 Re8 19. Bf3 Rb8 20. Qc6 Bd4+ 21.
Kh1 Rb6 22. Qc4 Rb4 23. Qd3 Bxb2 24. Rab1 Rxf4 25. Rxb2 Qf6 26. Rbb1 Qe5 27. c4
Na6 28. g3 Rd4 29. Qc3 Nc5 30. Rfe1 Ne4 31. Bxe4 Rxe4 32. Qxe5 R4xe5 33. Rxe5
dxe5 34. d6 Kf8 35. c5 Rc8 36. d7 Rd8 37. c6 Ke7 38. c7 1-0

[Event "IX American Continental Classical Championship 201"]
[Site "Hotel Pipa AtlÃ¢ntico - Praia da Pipa - Rio Grande"]
[Date "2014.10.22"]
[Round "7"]
[Board "62"]
[White "Fragoso, Evander Correa"]
[Black "Ibar, Marcelo"]
[Result "0-1"]
[WhiteElo "1913"]
[BlackElo "2155"]
[PlyCount "40"]
[EventDate "2014.10.18"]
[EventRounds "11"]
[EventCountry "BRA"]

1. d4 e6 2. Nf3 d5 3. c4 Nf6 4. Nc3 c6 5. e3 Nbd7 6. Qc2 Bd6 7. g4 h6 8. h3 a6
9. c5 Bc7 10. Bd2 Qe7 11. b4 e5 12. dxe5 Nxe5 13. Nd4 a5 14. Na4 Ne4 15. b5
Nxd2 16. Kxd2 Qh4 17. Be2 Qxf2 18. Raf1 Nc4+ 19. Kc3 Qxe3+ 20. Bd3 Qxd4+ 0-1

[Event "IX American Continental Classical Championship 201"]
[Site "Hotel Pipa AtlÃ¢ntico - Praia da Pipa - Rio Grande"]
[Date "2014.10.22"]
[Round "7"]
[Board "63"]
[White "Pinto, Carlos Henrique Lopes"]
[Black "Pinero, Ismael"]
[Result "1-0"]
[WhiteElo "2116"]
[BlackElo "1925"]
[PlyCount "80"]
[EventDate "2014.10.18"]
[EventRounds "11"]
[EventCountry "BRA"]

1. d4 g6 2. e4 Bg7 3. f4 d6 4. Bc4 c6 5. Nf3 Nf6 6. Nc3 O-O 7. e5 Nd5 8. O-O
Nb6 9. Bd3 dxe5 10. dxe5 Nd5 11. Nxd5 cxd5 12. Be3 Nc6 13. c3 Bg4 14. h3 Bxf3
15. Qxf3 d4 16. cxd4 Nxd4 17. Qe4 Nf5 18. Bf2 Qa5 19. g4 Nh6 20. b4 Qc7 21.
Rac1 Qd7 22. Rfd1 Qa4 23. Bc4 Rfd8 24. Bb3 Qa6 25. a4 Rxd1+ 26. Rxd1 Qc6 27.
Qxc6 bxc6 28. Rd7 Bf8 29. Bxa7 e6 30. Bc5 Bxc5+ 31. bxc5 Ra5 32. Rd4 Kf8 33.
Kf2 Ke8 34. Rb4 Rxc5 35. Ke3 Rc3+ 36. Kd4 Rxh3 37. a5 c5+ 38. Kxc5 Rc3+ 39. Kb6
Kd7 40. Rd4+ Kc8 1-0

[Event "IX American Continental Classical Championship 201"]
[Site "Hotel Pipa AtlÃ¢ntico - Praia da Pipa - Rio Grande"]
[Date "2014.10.22"]
[Round "7"]
[Board "64"]
[White "Ferreira, Jose Carlos"]
[Black "Araujo, Sergio Murilo"]
[Result "0-1"]
[WhiteElo "1884"]
[BlackElo "2109"]
[PlyCount "76"]
[EventDate "2014.10.18"]
[EventRounds "11"]
[EventCountry "BRA"]

1. e4 d6 2. d4 Nf6 3. f3 g6 4. c4 Bg7 5. Nc3 O-O 6. Be3 c6 7. Nge2 a6 8. c5 b5
9. cxb6 Qxb6 10. Qd2 Nbd7 11. Rc1 Bb7 12. Na4 Qd8 13. Ng3 h5 14. Bd3 e5 15. Bb1
Qe7 16. O-O exd4 17. Bxd4 c5 18. Be3 Bc6 19. Nc3 Ne5 20. b3 Rfd8 21. Nd5 Bxd5
22. exd5 Re8 23. Bg5 Qa7 24. Kh1 Nh7 25. Be3 Qd7 26. Rfe1 Rac8 27. f4 Ng4 28.
Bg1 f5 29. Bd3 Qb7 30. Bc4 h4 31. Ne2 Re7 32. h3 Ngf6 33. Nc3 Nh5 34. Rxe7 Qxe7
35. Re1 Ng3+ 36. Kh2 Qf6 37. Nd1 Ne4 38. Nf2 Nxd2 0-1

[Event "IX American Continental Classical Championship 201"]
[Site "Hotel Pipa AtlÃ¢ntico - Praia da Pipa - Rio Grande"]
[Date "2014.10.22"]
[Round "7"]
[Board "65"]
[White "De Freitas, Julio Eimard"]
[Black "Pinto, Rafael Henrique"]
[Result "0-1"]
[WhiteElo "1872"]
[BlackElo "2042"]
[PlyCount "90"]
[EventDate "2014.10.18"]
[EventRounds "11"]
[EventCountry "BRA"]

1. d4 Nf6 2. c4 e6 3. Nc3 Bb4 4. a3 Bxc3+ 5. bxc3 c5 6. e3 Nc6 7. Bd3 O-O 8.
Ne2 d6 9. O-O e5 10. f3 b6 11. e4 cxd4 12. cxd4 exd4 13. Bg5 Qe7 14. Ng3 h6 15.
Bc1 Qe5 16. Bb2 Ba6 17. Nf5 Rac8 18. f4 Qe6 19. Qf3 Rfd8 20. Qg3 Ne8 21. Bxd4
Nxd4 22. Nxd4 Qf6 23. Nb5 Bxb5 24. cxb5 Qd4+ 25. Kh1 Nf6 26. Qf3 Rc3 27. Rad1
Kf8 28. Qe2 Rxa3 29. e5 Ne8 30. e6 fxe6 31. Qxe6 Rxd3 32. Qf5+ Nf6 33. Rxd3 Qc4
34. Rfd1 d5 35. g4 Kg8 36. g5 Ne4 37. Rd4 Qe2 38. Rxd5 Nf2+ 39. Kg1 Rf8 40.
Qxf8+ Kxf8 41. Rd8+ Kf7 42. R1d7+ Kg6 43. Rd6+ Kf5 44. h3 Nxh3+ 45. Kh1 Nxf4
 0-1

[Event "IX American Continental Classical Championship 201"]
[Site "Hotel Pipa AtlÃ¢ntico - Praia da Pipa - Rio Grande"]
[Date "2014.10.22"]
[Round "7"]
[Board "66"]
[White "Santos, Sidclay Souza"]
[Black "Dantas, Rhuan De Araujo"]
[Result "1-0"]
[WhiteElo "2007"]
[BlackElo "1719"]
[PlyCount "89"]
[EventDate "2014.10.18"]
[EventRounds "11"]
[EventCountry "BRA"]

1. e4 e5 2. Nf3 Nc6 3. Bc4 Be7 4. Nc3 Nf6 5. d4 exd4 6. Nxd4 d6 7. f3 Ne5 8.
Bb3 c5 9. Ba4+ Bd7 10. Bxd7+ Qxd7 11. Nf5 O-O-O 12. Bg5 Nd5 13. Nxd5 Bxg5 14.
f4 g6 15. Nfe3 Bh6 16. fxe5 dxe5 17. Qf3 f5 18. O-O-O Qa4 19. Nc3 Qc6 20. Kb1
Kb8 21. Ned5 fxe4 22. Qxe4 Bg7 23. Rhf1 Rd7 24. Ne3 Rd4 25. Qxc6 bxc6 26. Rde1
Rhd8 27. a3 Bh6 28. Rf7 Rh8 29. Re7 Ka8 30. Rxe5 Rb8 31. Re7 Bg5 32. Re6 Rd7
33. Nc4 Rdb7 34. Ne4 Bf4 35. g3 Bc7 36. Nxc5 Rb5 37. Na6 R8b7 38. Nxc7+ Rxc7
39. Re8+ Rb8 40. Rxb8+ Kxb8 41. b4 Rf7 42. Re2 Kc7 43. Kb2 g5 44. Kc3 h5 45.
Re5 1-0

[Event "IX American Continental Classical Championship 201"]
[Site "Hotel Pipa AtlÃ¢ntico - Praia da Pipa - Rio Grande"]
[Date "2014.10.22"]
[Round "7"]
[Board "67"]
[White "Reis, Virginia Lagrange M."]
[Black "Lopes Silva, Luiz Eduardo"]
[Result "1-0"]
[WhiteElo "1852"]
[BlackElo "2003"]
[PlyCount "61"]
[EventDate "2014.10.18"]
[EventRounds "11"]
[EventCountry "BRA"]

1. e4 d6 2. d4 Nf6 3. f3 g6 4. c4 Bg7 5. Be3 Nc6 6. Nc3 a6 7. Rc1 O-O 8. Nge2
Rb8 9. Ng3 e5 10. d5 Nd4 11. Bd3 c5 12. O-O Bd7 13. b3 Ne8 14. Nce2 f5 15. exf5
gxf5 16. Bd2 Qh4 17. Be1 Qh6 18. Nxd4 cxd4 19. Qc2 Qg6 20. Bd2 Bh8 21. b4 Ng7
22. Qb3 Nh5 23. Nxh5 Qxh5 24. c5 Rfe8 25. c6 Bc8 26. b5 axb5 27. Bxb5 Re7 28.
Bb4 Qg6 29. Qa3 Rg7 30. Rf2 f4 31. Rfc2 1-0

[Event "IX American Continental Classical Championship 201"]
[Site "Hotel Pipa AtlÃ¢ntico - Praia da Pipa - Rio Grande"]
[Date "2014.10.22"]
[Round "7"]
[Board "68"]
[White "Moccero, Eduardo"]
[Black "Gomes, Jose Murilo"]
[Result "1-0"]
[WhiteElo "1997"]
[BlackElo "1864"]
[PlyCount "55"]
[EventDate "2014.10.18"]
[EventRounds "11"]
[EventCountry "BRA"]

1. d4 Nf6 2. Nf3 g6 3. c4 Bg7 4. Nc3 O-O 5. Bf4 d6 6. h3 Nbd7 7. e3 Re8 8. Be2
h6 9. O-O e5 10. Bh2 exd4 11. exd4 b6 12. Re1 Bb7 13. Rc1 Nf8 14. b4 a5 15. a3
Ne4 16. c5 axb4 17. axb4 Nxc3 18. Rxc3 bxc5 19. bxc5 dxc5 20. Rxc5 Ne6 21. Bb5
Re7 22. Rc4 Qd5 23. Rc5 Nxc5 24. Rxe7 Ne6 25. Be8 Kf8 26. Rd7 Qb3 27. Bd6+ Kxe8
28. Re7+ 1-0

[Event "IX American Continental Classical Championship 201"]
[Site "Hotel Pipa AtlÃ¢ntico - Praia da Pipa - Rio Grande"]
[Date "2014.10.22"]
[Round "7"]
[Board "70"]
[White "Rapouso, Ricardo Luis Borba"]
[Black "Araujo, Vitor Angelo Lima"]
[Result "0-1"]
[WhiteElo "1934"]
[BlackElo "1840"]
[PlyCount "58"]
[EventDate "2014.10.18"]
[EventRounds "11"]
[EventCountry "BRA"]

1. d4 d5 2. c4 e6 3. Nc3 Nf6 4. Nf3 c6 5. e3 Nbd7 6. Bd3 Bd6 7. O-O O-O 8. e4
dxc4 9. Bxc4 e5 10. Re1 Qc7 11. h3 exd4 12. Nxd4 Ne5 13. Bb3 Ng6 14. Nf3 h6 15.
Be3 Re8 16. Rc1 Qe7 17. Bd4 Ne5 18. Nh4 Bc5 19. Nd5 Nxd5 20. Bxc5 Qxh4 21. exd5
Bd7 22. Rc3 cxd5 23. Bxd5 Bc6 24. Rce3 Bxd5 25. Qxd5 Rad8 26. Bd6 Re6 27. Rxe5
Rdxd6 28. Qxb7 Rxe5 29. Qb8+ Kh7 0-1

[Event "IX American Continental Classical Championship 201"]
[Site "Hotel Pipa AtlÃ¢ntico - Praia da Pipa - Rio Grande"]
[Date "2014.10.22"]
[Round "7"]
[Board "72"]
[White "Gomes, Marco Tulio"]
[Black "Cardoso, Almir Correia"]
[Result "1-0"]
[WhiteElo "1880"]
[BlackElo "2066"]
[PlyCount "107"]
[EventDate "2014.10.18"]
[EventRounds "11"]
[EventCountry "BRA"]

1. e4 e5 2. Nf3 Nc6 3. Bb5 a6 4. Ba4 Nf6 5. O-O b5 6. Bb3 Be7 7. Re1 O-O 8. d3
d6 9. h3 Na5 10. c3 Nxb3 11. Qxb3 c5 12. Nbd2 Qc7 13. Nf1 Be6 14. Qc2 a5 15.
Bd2 Rfc8 16. Ng5 Bd7 17. Ng3 Rab8 18. f4 c4 19. d4 exd4 20. cxd4 h6 21. Nf3 b4
22. Rac1 Qb6 23. Kh2 a4 24. d5 Qa6 25. Nd4 Bd8 26. Ngf5 Kh8 27. g4 Ng8 28. g5
h5 29. Qd1 g6 30. Ng3 Bb6 31. Bxb4 Ba5 32. Bc3 Bxc3 33. bxc3 Rb2+ 34. Rc2 Rcb8
35. f5 a3 36. fxg6 fxg6 37. Qf3 Rxc2+ 38. Nxc2 Rb2 39. Re2 Rxa2 40. Qf7 Rxc2
41. Rxc2 a2 42. Qxg6 Be8 43. Qxe8 a1=Q 44. Qxh5+ Kg7 45. Nf5+ Kf8 46. g6 Ke8
47. g7+ Kd8 48. Qf7 Q6a4 49. Qxg8+ Kc7 50. Qf7+ Kb6 51. Nd4 Qxc2+ 52. Nxc2 Qxc3
53. Qf2+ Kb5 54. g8=Q 1-0

[Event "IX American Continental Classical Championship 201"]
[Site "Hotel Pipa AtlÃ¢ntico - Praia da Pipa - Rio Grande"]
[Date "2014.10.22"]
[Round "7"]
[Board "73"]
[White "Rodrigues, Nei Jorge"]
[Black "Cortes Arias, Mariela"]
[Result "0-1"]
[WhiteElo "2033"]
[BlackElo "1858"]
[PlyCount "72"]
[EventDate "2014.10.18"]
[EventRounds "11"]
[EventCountry "BRA"]

1. c4 c5 2. Nf3 Nc6 3. e3 e5 4. Nc3 d6 5. d3 g6 6. Be2 Bg7 7. O-O Nge7 8. Rb1
O-O 9. a3 a5 10. Bd2 d5 11. cxd5 Nxd5 12. Qc2 b6 13. b3 Ba6 14. Rfd1 Rc8 15.
Nxd5 Qxd5 16. Bc3 Nd4 17. Bxd4 cxd4 18. Qd2 Rc3 19. exd4 exd4 20. Qb2 Rfc8 21.
Ne1 Bh6 22. b4 a4 23. Bf3 Qd7 24. h3 Rb3 25. Qa1 Rcc3 26. Rxb3 axb3 27. Qb2 Bb5
28. Be2 Ba4 29. Nf3 Rc2 30. Qxd4 Rxe2 31. Qxb6 b2 32. Rb1 Qxd3 33. Rxb2 Rxb2
34. Qb8+ Bf8 35. Ne5 Rb1+ 36. Kh2 Qd6 0-1

[Event "IX American Continental Classical Championship 201"]
[Site "Hotel Pipa AtlÃ¢ntico - Praia da Pipa - Rio Grande"]
[Date "2014.10.22"]
[Round "7"]
[Board "74"]
[White "Barreto Junior, Williem Silva"]
[Black "Farias, Edilsom"]
[Result "1/2-1/2"]
[WhiteElo "2006"]
[BlackElo "1874"]
[PlyCount "107"]
[EventDate "2014.10.18"]
[EventRounds "11"]
[EventCountry "BRA"]

1. d4 Nf6 2. Nf3 e6 3. Bf4 c5 4. e3 Qb6 5. Qc1 Nc6 6. c3 d5 7. Bd3 Bd7 8. O-O
Rc8 9. Nbd2 cxd4 10. exd4 Be7 11. Qb1 O-O 12. h3 Rfd8 13. Ne5 Be8 14. Ndf3 g6
15. Re1 Nd7 16. Ng4 Bf8 17. h4 h5 18. Nh6+ Kg7 19. g4 Nf6 20. g5 Nd7 21. Re2
Na5 22. Qc2 Bd6 23. Bg3 Nc4 24. Rae1 Nf8 25. Bxc4 Rxc4 26. Bxd6 Qxd6 27. Ne5
Rc7 28. Qd2 b5 29. Qf4 Nh7 30. Re3 Rb8 31. Nd3 Qxf4 32. Nxf4 Bc6 33. Nd3 a5 34.
Nc5 Re7 35. f4 Ree8 36. Nd3 Nf8 37. Ne5 Rb6 38. Nhxf7 b4 39. Nxc6 Rxc6 40. Ne5
Rc7 41. R1e2 Rb8 42. Rc2 a4 43. c4 dxc4 44. Rxc4 Rxc4 45. Nxc4 Rc8 46. b3 axb3
47. axb3 Ra8 48. Kf2 Ra1 49. Re1 Ra2+ 50. Re2 Ra1 51. Kg2 Rb1 52. Re3 Rd1 53.
Re4 Rd3 54. Ne5 1/2-1/2

[Event "IX American Continental Classical Championship 201"]
[Site "Hotel Pipa AtlÃ¢ntico - Praia da Pipa - Rio Grande"]
[Date "2014.10.22"]
[Round "7"]
[Board "75"]
[White "Macedo, Alexandre Soares De"]
[Black "Schuh, Astor Jose"]
[Result "1-0"]
[WhiteElo "1854"]
[BlackElo "1956"]
[PlyCount "100"]
[EventDate "2014.10.18"]
[EventRounds "11"]
[EventCountry "BRA"]

1. Nf3 Nf6 2. g3 d5 3. Bg2 c5 4. d4 Nc6 5. b3 Bf5 6. O-O e6 7. c3 cxd4 8. Nxd4
Nxd4 9. Qxd4 Be7 10. Nd2 O-O 11. Bb2 Qc7 12. Nf3 Bc5 13. Qe5 Bd6 14. Qd4 e5 15.
Qd1 e4 16. Nd4 Bd7 17. Rc1 b5 18. Qd2 Rfe8 19. Nc2 Be5 20. Ne3 Be6 21. f4 exf3
22. exf3 Rad8 23. f4 Ne4 24. Qe1 Bf6 25. Kh1 Qb7 26. Rd1 g6 27. g4 b4 28. Bxe4
dxe4 29. Rxd8 Rxd8 30. f5 gxf5 31. gxf5 Bc8 32. Rf2 Kf8 33. Rg2 Bxc3 34. Bxc3
bxc3 35. Qxc3 Qb6 36. Rg1 Qd4 37. Qc7 Qb6 38. Qg3 Rd3 39. Qg7+ Ke7 40. Qe5+ Kf8
41. Nd5 Rxd5 42. Qh8+ Ke7 43. Qxc8 Qf2 44. Qc7+ Kf6 45. Qc6+ Ke5 46. Qe8+ Kf4
47. Qb8+ Kxf5 48. Qc8+ Kf4 49. Qc7+ Ke3 50. Qxa7+ Ke2 1-0

[Event "IX American Continental Classical Championship 201"]
[Site "Hotel Pipa AtlÃ¢ntico - Praia da Pipa - Rio Grande"]
[Date "2014.10.22"]
[Round "7"]
[Board "76"]
[White "Besso, Guadalupe"]
[Black "Leao, Flavio Sanchez"]
[Result "1-0"]
[WhiteElo "1947"]
[BlackElo "1847"]
[PlyCount "61"]
[EventDate "2014.10.18"]
[EventRounds "11"]
[EventCountry "BRA"]

1. d4 Nf6 2. c4 g6 3. Nc3 Bg7 4. e4 d6 5. f4 O-O 6. Nf3 c5 7. d5 Bg4 8. Be2
Nbd7 9. O-O a6 10. a4 Rb8 11. h3 Bxf3 12. Bxf3 Ne8 13. a5 b5 14. axb6 Nxb6 15.
Qe2 Nc7 16. e5 f5 17. Be3 Nd7 18. Kh1 Rb4 19. Na2 Rb3 20. Nc1 Rb4 21. Nd3 Rxc4
22. Bd2 Qb8 23. exd6 exd6 24. Ne5 Nxe5 25. fxe5 Rc2 26. exd6 Nb5 27. Qe6+ Kh8
28. Bg5 Re8 29. d7 Rxe6 30. dxe6 Rd2 31. Rad1 1-0

[Event "IX American Continental Classical Championship 201"]
[Site "Hotel Pipa AtlÃ¢ntico - Praia da Pipa - Rio Grande"]
[Date "2014.10.22"]
[Round "7"]
[Board "77"]
[White "Feijo, Francisco Celio"]
[Black "Quaranta Neto, Francisco"]
[Result "0-1"]
[WhiteElo "1825"]
[BlackElo "1933"]
[PlyCount "80"]
[EventDate "2014.10.18"]
[EventRounds "11"]
[EventCountry "BRA"]

1. d4 d5 2. Bf4 Nf6 3. Nf3 Nh5 4. Bg5 h6 5. Bh4 g5 6. Bg3 Bg7 7. e3 Nxg3 8.
hxg3 Bg4 9. Be2 Nd7 10. Nbd2 e6 11. c3 a6 12. Qb3 b6 13. c4 c6 14. cxd5 cxd5
15. Rc1 O-O 16. O-O Bf5 17. Bd3 Bxd3 18. Qxd3 b5 19. Rc6 Qa5 20. a3 b4 21. Nb3
Qa4 22. Rfc1 bxa3 23. bxa3 Rfb8 24. Nbd2 Bf8 25. Rc7 Bd6 26. R7c3 Qb5 27. Qc2
g4 28. Nh2 h5 29. e4 dxe4 30. Nxe4 Be7 31. Qd2 Qf5 32. Qe2 Qg6 33. Nf1 Nf6 34.
Nc5 Rb6 35. Ne3 Ne4 36. R3c2 Rd6 37. Rc4 Nxc5 38. dxc5 Rc6 39. Qb2 Rac8 40. Qb7
Bxc5 0-1

[Event "IX American Continental Classical Championship 201"]
[Site "Hotel Pipa AtlÃ¢ntico - Praia da Pipa - Rio Grande"]
[Date "2014.10.22"]
[Round "7"]
[Board "78"]
[White "Ribeiro , Allysson"]
[Black "Lucena, Helianto Dos Santos"]
[Result "1-0"]
[WhiteElo "1926"]
[BlackElo "1846"]
[PlyCount "73"]
[EventDate "2014.10.18"]
[EventRounds "11"]
[EventCountry "BRA"]

1. d4 Nf6 2. c4 g6 3. Nc3 Bg7 4. e4 d6 5. f4 O-O 6. Nf3 Bg4 7. Be2 c5 8. d5
Nbd7 9. O-O a6 10. a4 Re8 11. h3 Bxf3 12. Bxf3 Nb6 13. Qd3 Rb8 14. Bd2 e6 15.
Rae1 exd5 16. cxd5 Nfd7 17. a5 Nc8 18. Na4 Na7 19. Bg4 Nb5 20. Qc4 Nd4 21. Bxd7
Qxd7 22. Nb6 Qe7 23. e5 dxe5 24. fxe5 Qc7 25. d6 Qc6 26. Rxf7 Kh8 27. Rc7 Qb5
28. Qf7 Rg8 29. Bh6 Nf5 30. Bxg7+ Nxg7 31. Nd7 Qxa5 32. Rf1 Rbd8 33. Nf6 Rdf8
34. Qe7 Qd2 35. Kh2 Qe2 36. Nxg8 Rxg8 37. Rf8 1-0

[Event "IX American Continental Classical Championship 201"]
[Site "Hotel Pipa AtlÃ¢ntico - Praia da Pipa - Rio Grande"]
[Date "2014.10.22"]
[Round "7"]
[Board "79"]
[White "Braga, Jose Pereira"]
[Black "Costa, Paulo Sergio"]
[Result "0-1"]
[WhiteElo "1922"]
[BlackElo "1806"]
[PlyCount "76"]
[EventDate "2014.10.18"]
[EventRounds "11"]
[EventCountry "BRA"]

1. e4 c5 2. Nf3 Nc6 3. d4 cxd4 4. Nxd4 g6 5. Nc3 Bg7 6. Be3 Nf6 7. f3 O-O 8.
Qd2 d5 9. Nxc6 bxc6 10. O-O-O e6 11. Bh6 Bxh6 12. Qxh6 d4 13. Bc4 c5 14. g4 Rb8
15. Ne2 Qb6 16. b3 Ba6 17. Bxa6 Qxa6 18. Kd2 Qa5+ 19. Kc1 Qxa2 20. Qg5 Kg7 21.
h4 d3 22. Rxd3 Qa1+ 23. Kd2 Qxh1 24. Qe5 Rfd8 25. g5 Rxd3+ 26. cxd3 Rxb3 27.
Qxf6+ Kg8 28. Qd8+ Kg7 29. Ke3 Qa1 30. Kf4 Qb2 31. e5 Rb8 32. Qf6+ Kg8 33. Ng3
Qd4+ 34. Ne4 Qxd3 35. h5 gxh5 36. Qh6 Rb4 37. Qf6 Rxe4+ 38. fxe4 Qf1+ 0-1

[Event "IX American Continental Classical Championship 201"]
[Site "Hotel Pipa AtlÃ¢ntico - Praia da Pipa - Rio Grande"]
[Date "2014.10.22"]
[Round "7"]
[Board "80"]
[White "Da Silva, Antonio Dutra"]
[Black "Camara, Jose Arruda"]
[Result "1/2-1/2"]
[WhiteElo "1747"]
[BlackElo "1905"]
[PlyCount "91"]
[EventDate "2014.10.18"]
[EventRounds "11"]
[EventCountry "BRA"]

1. c4 Nf6 2. Nc3 e5 3. Nf3 Nc6 4. d4 exd4 5. Nxd4 Be7 6. Bf4 d6 7. h3 O-O 8. e3
a6 9. Bd3 Nxd4 10. exd4 d5 11. c5 b6 12. b4 bxc5 13. bxc5 Bb7 14. O-O Ne4 15.
Rc1 Bg5 16. Qf3 Qf6 17. Bxg5 Qxf3 18. gxf3 Nxg5 19. Kg2 Ne6 20. Ne2 Bc6 21. f4
g6 22. Rfd1 Rfb8 23. Rd2 Rb4 24. a3 Ra4 25. f5 Nxd4 26. Nxd4 Rxd4 27. fxg6 hxg6
28. Rc3 Bb5 29. Kg3 c6 30. h4 Bxd3 31. Rcxd3 Rxd3+ 32. Rxd3 Rb8 33. Kg4 Rb2 34.
f3 Kg7 35. h5 gxh5+ 36. Kxh5 Rc2 37. Kg5 Rxc5 38. Kf5 a5 39. f4 Rc1 40. Rg3+
Kf8 41. Kf6 Re1 42. f5 Rh1 43. Rb3 Rh6+ 44. Ke5 Kg7 45. Rg3+ Kh7 46. Rg2
 1/2-1/2